000
00468nam a2200145Ia 4500
008
151213s9999 xx 000 0 und d
100
_a
দিলারা হাশেম।
245
_a
কাকতালীয় ।
_c
দিলারা হাশেম।
260
_a
ঢাকা
_b
মুক্তধারা
_c
1985
300
_a
8465 p.
650
_a
Bangla
650
_a
Bengali Literature
700
_a
দিলারা হাশেম।
999
_c
4303
_d
4303